00812cam a22002651 4500001001300000003000400013005001700017008004100034010001700075035001900092040001800111042001200129050003000141051002000171110004200191245003700233260001900270300004600289490005300335504004300388500005100431650002500482650002200507999001700529l 36000039 DLC20260227111535.0790813s1935 sz k 000 0 engx  al 36000039  a(OCoLC)5267270 aDLCcArUdDLC apremarc00aHD4813b.I4 ser. J, no. 4 aL10b.I85 no. 42 aInternational Labour Office.bGeneva.10aProblems of vocational guidance. aGeneva,c1935. aiv, 183 p.bincl. diagrs., forms.c24 cm.0 aStudies and reports, series J (Education)vno. 4 aAppendix x (bibliography): p. 174-183. aAt head of title: International Labour Office. 0aVocational guidance. 0aAbilityxTesting. c36182d36182